Itinerario geológico de Toledo á Urda / (Record no. 174126)
[ view plain ]
| 000 -LEADER | |
|---|---|
| campo de control de longitud fija | 01011namaa22002291 4500 |
| 001 - NÚMERO DE CONTROL | |
| campo de control | 174126 |
| 003 - IDENTIFICADOR DE NÚMERO DE CONTROL | |
| campo de control | ES-MaACL |
| 005 - FECHA Y HORA DE LA ÚLTIMA TRANSACCIÓN | |
| campo de control | 20250815105800.0 |
| 008 - DATOS DE LONGITUD FIJA--INFORMACIÓN GENERAL | |
| campo de control de longitud fija | 100223s1912 sp |||| | spa d |
| 040 ## - FUENTE DE CATALOGACIÓN | |
| Centro catalogador/agencia de origen | SpMaBN |
| Lengua de catalogación | spa |
| Centro/agencia transcriptor | A2 |
| 080 ## - NÚMERO DE LA CLASIFICACIÓN DECIMAL UNIVERSAL | |
| Número de la Clasificación Decimal Universal | 55(460) |
| 100 1# - ENTRADA PRINCIPAL--NOMBRE DE PERSONA | |
| Nombre de persona | Hernández-Pacheco, Eduardo, |
| Fechas asociadas al nombre | 1872-1965 |
| 9 (RLIN) | 63012 |
| 245 10 - MENCIÓN DEL TÍTULO | |
| Título | Itinerario geológico de Toledo á Urda / |
| Mención de responsabilidad, etc. | por Eduardo Hernandez-Pacheco. |
| 260 ## - PUBLICACIÓN, DISTRIBUCIÓN, ETC. | |
| Lugar de publicación, distribución, etc. | Madrid : |
| Nombre del editor, distribuidor, etc. | Junta para la Ampliación de Estudios e Investigaciones Científicas, |
| Fecha de publicación, distribución, etc. | 1912 ( |
| Fabricante | Imp. de Fortanet) |
| 300 ## - DESCRIPCIÓN FÍSICA | |
| Extensión | 46 p., 1 h., lám. 1-7, 1 mapa ; |
| Dimensiones | 23 cm. |
| 490 1# - MENCIÓN DE SERIE | |
| Mención de serie | Trabajos del Museo Nacional de Ciencias Naturales. Serie geológica ; |
| Designación de volumen o secuencia | 1 |
| 650 #4 - PUNTO DE ACCESO ADICIONAL DE MATERIA--TÉRMINO DE MATERIA | |
| Término de materia o nombre geográfico como elemento de entrada | Geología- |
| Subdivisión geográfica | España. |
| 9 (RLIN) | 138819 |
| 710 2# - ENTRADA AGREGADA--NOMBRE DE ENTIDAD CORPORATIVA | |
| Nombre de entidad corporativa o nombre de jurisdicción como elemento de entrada | Junta para la Ampliación de Estudios e Investigaciones Científicas. |
| 9 (RLIN) | 5413 |
| 830 00 - PUNTO DE ACCESO ADICIONAL DE SERIE-TÍTULO UNIFORME | |
| Título uniforme | Trabajos del Museo Nacional de Ciencias Naturales. |
| Nombre de parte o sección de la obra | Serie geológica |
| Designación de volumen o secuencia | 1 |
| 9 (RLIN) | 189286 |
| 852 ## - LOCALIZACIÓN | |
| Ubicación | ES-MaACL |
| Número de control de estantería | B-13126(1) |
| Nota libre | .- Encuadernado con otras obras |
| Estatus retirado | Estado de pérdida | Estado de daño | No para préstamo | Biblioteca de origen | Biblioteca actual | Ubicación en estantería | Fecha de adquisición | Fuente de adquisición | Total de préstamos | Signatura topográfica completa | Código de barras | Visto por última vez | Precio de reemplazo | Tipo de ítem Koha |
|---|---|---|---|---|---|---|---|---|---|---|---|---|---|---|
| Biblioteca del Ateneo de Madrid | Biblioteca del Ateneo de Madrid | Sala Pardo Bazán | 23/02/2010 | B-13126(1) | 1182777 | 23/02/2023 | 23/02/2023 | Libro impreso |
